| 000 | 00592nam a2200205 4500 | ||
|---|---|---|---|
| 001 | 108510 | ||
| 003 | ES-MaACL | ||
| 005 | 20230906184644.0 | ||
| 007 | t| | ||
| 008 | 061121s1948 sp r ||||1| spa d | ||
| 100 | 1 |
_aMonguió Fonts, José. _982207 |
|
| 245 | 1 | 3 |
_aEl bocio y su tratamiento / _cJosé Monguió Fonts. |
| 250 | _a1ª. ed. | ||
| 260 |
_aBarcelona : _bSalvat, _c1948. |
||
| 300 |
_a203 p. : _bil. ; _c23 cm. |
||
| 490 | 1 | _aManuales de medicina práctica | |
| 830 | 0 |
_aManuales de medicina práctica _9181070 |
|
| 852 |
_aES-MaACL _jC-5356 _bR.25369 |
||
| 999 |
_c108510 _d108510 |
||